Estadísticas para África por Fronteras en 30 Segundos

Haz click aquí para intentar la prueba.

Estadísticas generales

  • Esta prueba ha sido intentada 22.014 veces
  • La puntuación promedio es 39 de 54

Respuestas en el mapa

Las respuestas están codificadas por una escala verde-roja en el mapa de la prueba según el % correcto abajo.
 

Estadísticas de respuestas

País% Correcto
Argelia
97%
Libia
97%
Sudán
95%
Mauritania
94%
República
Centroafricana
94%
Níger
93%
Sudán del Sur
93%
Chad
92%
Mali
92%
R. D. Congo
92%
Camerún
91%
Zambia
91%
Rep. del Congo
90%
Tanzania
90%
Angola
88%
Namibia
88%
Sudáfrica
87%
Uganda
87%
Zimbabue
87%
Botsuana
86%
Burkina Faso
86%
Etiopía
86%
Marruecos
85%
Mozambique
85%
Ruanda
85%
Egipto
84%
Gabón
83%
Burundi
81%
Kenia
81%
Nigeria
81%
Costa de Marfil
79%
Guinea
79%
Lesoto
79%
Somalia
79%
Senegal
78%
Suazilandia
78%
Benín
72%
Yibuti
72%
Eritrea
70%
Túnez
70%
Ghana
65%
Togo
64%
Liberia
60%
Sierra Leona
55%
Madagascar
54%
Guinea-Bisau
50%
Malaui
40%
Gambia
35%
Guinea Ecuatorial
28%
Cabo Verde
20%
Comoras
14%
Seychelles
14%
Mauricio
13%
Santo Tomé y
Príncipe
13%

Distribución de puntuación

Porcentaje por número respondido

Porcentaje de gente con cada puntuación

Historial de tus puntuaciones

No has intentado esta prueba.